MARC details
| 000 -CABECERA |
| campo de control de longitud fija |
01805nam a22004937a 4500 |
| 001 - NÚMERO DE CONTROL |
| campo de control |
000106709 |
| 003 - IDENTIFICADOR DEL NÚMERO DE CONTROL |
| campo de control |
CHAP |
| 005 - FECHA Y HORA DE LA ÚLTIMA TRANSACCIÓN |
| campo de control |
20241015134226.0 |
| 008 - DATOS DE LONGITUD FIJA--INFORMACIÓN GENERAL |
| campo de control de longitud fija |
120517s1984 it b rn 00010 spa d |
| 010 ## - NÚMERO DE CONTROL DE LA BIBLIOTECA DEL CONGRESO |
| Número de control de LC |
103171 |
| 011 ## - ENLACE DEL NUMERO DE CONTROL DE LA BIBLIOTECA DEL CONGRESO [OBSOLETO] |
| Número de control de LC |
104143 |
| 035 ## - NÚMERO DE CONTROL DEL SISTEMA |
| Número de control de sistema |
114832 |
| 040 ## - FUENTE DE LA CATALOGACIÓN |
| Centro/agencia transcriptor |
CHAP |
| 082 04 - NÚMERO DE LA CLASIFICACIÓN DECIMAL DEWEY |
| Número de clasificación |
636.2142 |
| Número de documento/Ítem |
F21 |
| 110 2# - ENTRADA PRINCIPAL--NOMBRE DE ENTIDAD CORPORATIVA |
| Nombre de entidad corporativa o nombre de jurisdicción como elemento de entrada |
FAO. Banco mundial |
| 9 (RLIN) |
39453 |
| 245 10 - MENCIÓN DE TÍTULO |
| Título |
México : |
| Resto del título |
proyecto de desarrollo lechero informe de la misión de reconocimiento / |
| Mención de responsabilidad, etc. |
por FAO/Banco Mundial. |
| 246 3# - FORMA VARIANTE DE TÍTULO |
| Título propio/Titulo breve |
Informe del programa de cooperación FAO/BANCO mundial. Centro de inversiones |
| 260 ## - PUBLICACIÓN, DISTRIBUCIÓN, ETC. |
| Lugar de publicación, distribución, etc. |
Roma : |
| Nombre del editor, distribuidor, etc. |
FAO, |
| Fecha de publicación, distribución, etc. |
1984. |
| 300 ## - DESCRIPCIÓN FÍSICA |
| Extensión |
[80] p. : |
| Otras características físicas |
ilus., cuadros, mapas,. |
| 500 ## - NOTA GENERAL |
| Nota general |
117/84 CP-Méx.10 (S) |
| 590 ## - NOTA LOCAL (RLIN) |
| Nota local |
BATCH-UPD |
| Procedencia (VM) [OBSOLETO] |
10 |
| Condición del los carretes individuales (VM) [OBSOLETO] |
20130110 |
| -- |
UCH01 |
| -- |
1229 |
| 590 ## - NOTA LOCAL (RLIN) |
| Nota local |
BATCH-UPD |
| Procedencia (VM) [OBSOLETO] |
10 |
| Condición del los carretes individuales (VM) [OBSOLETO] |
20130410 |
| -- |
UCH01 |
| -- |
0800 |
| 590 ## - NOTA LOCAL (RLIN) |
| Nota local |
BATCH-UPD |
| Procedencia (VM) [OBSOLETO] |
10 |
| Condición del los carretes individuales (VM) [OBSOLETO] |
20130914 |
| -- |
UCH01 |
| -- |
1518 |
| 590 ## - NOTA LOCAL (RLIN) |
| Nota local |
CONVERSION |
| Procedencia (VM) [OBSOLETO] |
10 |
| Condición del los carretes individuales (VM) [OBSOLETO] |
20130109 |
| -- |
UCH01 |
| -- |
1357 |
| 590 ## - NOTA LOCAL (RLIN) |
| Nota local |
E5995AHE |
| Procedencia (VM) [OBSOLETO] |
05 |
| Condición del los carretes individuales (VM) [OBSOLETO] |
20140819 |
| -- |
UCH01 |
| -- |
1218 |
| 590 ## - NOTA LOCAL (RLIN) |
| Nota local |
E6096MTM |
| Procedencia (VM) [OBSOLETO] |
05 |
| Condición del los carretes individuales (VM) [OBSOLETO] |
20140819 |
| -- |
UCH01 |
| -- |
1050 |
| 590 ## - NOTA LOCAL (RLIN) |
| Nota local |
E6096MTM |
| Procedencia (VM) [OBSOLETO] |
05 |
| Condición del los carretes individuales (VM) [OBSOLETO] |
20140819 |
| -- |
UCH01 |
| -- |
1052 |
| 590 ## - NOTA LOCAL (RLIN) |
| Nota local |
E6096MTM |
| Procedencia (VM) [OBSOLETO] |
05 |
| Condición del los carretes individuales (VM) [OBSOLETO] |
20140819 |
| -- |
UCH01 |
| -- |
1053 |
| 590 ## - NOTA LOCAL (RLIN) |
| Nota local |
E6096MTM |
| Procedencia (VM) [OBSOLETO] |
05 |
| Condición del los carretes individuales (VM) [OBSOLETO] |
20140819 |
| -- |
UCH01 |
| -- |
1053 |
| 590 ## - NOTA LOCAL (RLIN) |
| Nota local |
E6096MTM |
| Procedencia (VM) [OBSOLETO] |
05 |
| Condición del los carretes individuales (VM) [OBSOLETO] |
20140819 |
| -- |
UCH01 |
| -- |
1054 |
| 590 ## - NOTA LOCAL (RLIN) |
| Nota local |
E6096MTM |
| Procedencia (VM) [OBSOLETO] |
05 |
| Condición del los carretes individuales (VM) [OBSOLETO] |
20140819 |
| -- |
UCH01 |
| -- |
1055 |
| 590 ## - NOTA LOCAL (RLIN) |
| Nota local |
E6096MTM |
| Procedencia (VM) [OBSOLETO] |
05 |
| Condición del los carretes individuales (VM) [OBSOLETO] |
20140819 |
| -- |
UCH01 |
| -- |
1058 |
| 590 ## - NOTA LOCAL (RLIN) |
| Nota local |
E6096MTM |
| Procedencia (VM) [OBSOLETO] |
05 |
| Condición del los carretes individuales (VM) [OBSOLETO] |
20140819 |
| -- |
UCH01 |
| -- |
1058 |
| 650 14 - PUNTO DE ACCESO ADICIONAL DE MATERIA--TÉRMINO DE MATERIA |
| Término de materia o nombre geográfico como elemento de entrada |
Ganado lechero |
| Subdivisión general |
Producción. |
| 9 (RLIN) |
45288 |
| 650 17 - PUNTO DE ACCESO ADICIONAL DE MATERIA--TÉRMINO DE MATERIA |
| Término de materia o nombre geográfico como elemento de entrada |
Industria lechera |
| Subdivisión geográfica |
México |
| Fuente del encabezamiento o término |
|
| 9 (RLIN) |
57847 |
| 650 14 - PUNTO DE ACCESO ADICIONAL DE MATERIA--TÉRMINO DE MATERIA |
| Término de materia o nombre geográfico como elemento de entrada |
Leche |
| Subdivisión general |
Mercadeo |
| -- |
México. |
| 9 (RLIN) |
65386 |
| 650 14 - PUNTO DE ACCESO ADICIONAL DE MATERIA--TÉRMINO DE MATERIA |
| Término de materia o nombre geográfico como elemento de entrada |
Política agrícola |
| Subdivisión geográfica |
México. |
| 650 14 - PUNTO DE ACCESO ADICIONAL DE MATERIA--TÉRMINO DE MATERIA |
| Término de materia o nombre geográfico como elemento de entrada |
Política ganadera. |
| 9 (RLIN) |
90617 |
| 650 14 - PUNTO DE ACCESO ADICIONAL DE MATERIA--TÉRMINO DE MATERIA |
| Término de materia o nombre geográfico como elemento de entrada |
Proyectos |
| Subdivisión general |
Financiamiento. |
| 9 (RLIN) |
92526 |
| 901 ## - ELEMENTOS DE DATOS A LOCAL LDA (RLIN) |
| a |
BK |
| 942 ## - ELEMENTOS DE PUNTO DE ACCESO ADICIONAL (KOHA) |
| Tipo de ítem Koha |
Libro |
| 942 ## - ELEMENTOS DE PUNTO DE ACCESO ADICIONAL (KOHA) |
| Suprimir en OPAC |
0 |
| 949 ## - PROCESAMIENTO DE INFORMACIÓN LOCAL (OCLC) |
| a |
636.2142 F21 |
| b |
BC |
| c |
FAO |
| d |
33724002329066 |
| e |
FAO1 |
| g |
Fotocopia |
| h |
116641 |
| i |
114832 |
| s |
b |